The fathers of the church / (Record no. 6601)
[ view plain ]
| 000 -LEADER | |
|---|---|
| fixed length control field | 01001cam a2200241 a 4500 |
| 001 - CONTROL NUMBER | |
| control field | 4509014 |
| 005 - DATE AND TIME OF LATEST TRANSACTION | |
| control field | 20250619140510.0 |
| 008 - FIXED-LENGTH DATA ELEMENTS--GENERAL INFORMATION | |
| fixed length control field | 981013s1998 mau b 001 0ceng |
| 020 ## - INTERNATIONAL STANDARD BOOK NUMBER | |
| International Standard Book Number | 1565630955 (cloth) |
| 041 1# - LANGUAGE CODE | |
| Language code of text/sound track or separate title | eng |
| Language code of original | ger |
| 050 00 - LIBRARY OF CONGRESS CALL NUMBER | |
| Classification number | BR1706 |
| Item number | .C313 1998 |
| 082 00 - DEWEY DECIMAL CLASSIFICATION NUMBER | |
| Classification number | 270.1/092/2 |
| -- | B |
| Edition information | 21 |
| 100 1# - MAIN ENTRY--PERSONAL NAME | |
| Personal name | Campenhausen, Hans von, |
| Dates associated with a name | 1903-1989. |
| 245 14 - TITLE STATEMENT | |
| Title | The fathers of the church / |
| Statement of responsibility, etc. | Hans von Campenhausen. |
| 260 ## - PUBLICATION, DISTRIBUTION, ETC. | |
| Place of publication, distribution, etc. | Peabody, Mass. : |
| Name of publisher, distributor, etc. | Hendrickson Publishers, |
| Date of publication, distribution, etc. | 1998. |
| 300 ## - PHYSICAL DESCRIPTION | |
| Extent | 190, 328 p. ; |
| Dimensions | 24 cm. |
| 500 ## - GENERAL NOTE | |
| General note | "Combined ed. of: The fathers of the Greek Church and The fathers of the Latin Church." |
| 650 #0 - SUBJECT ADDED ENTRY--TOPICAL TERM | |
| Topical term or geographic name entry element | Fathers of the church |
| Location of event | Biography. |
| 700 12 - ADDED ENTRY--PERSONAL NAME | |
| Personal name | Campenhausen, Hans von, |
| Dates associated with a name | 1903-1989. |
| Title of a work | Lateinische Kirchenväter. |
| Language of a work | English. |
| Date of a work | 1998. |
| 856 42 - ELECTRONIC LOCATION AND ACCESS | |
| Materials specified | Publisher description |
| Uniform Resource Identifier | <a href="http://www.loc.gov/catdir/description/hend021/98048103.html">http://www.loc.gov/catdir/description/hend021/98048103.html</a> |
| 856 42 - ELECTRONIC LOCATION AND ACCESS | |
| Materials specified | Contributor biographical information |
| Uniform Resource Identifier | <a href="http://www.loc.gov/catdir/enhancements/fy0706/98048103-b.html">http://www.loc.gov/catdir/enhancements/fy0706/98048103-b.html</a> |
| 942 ## - ADDED ENTRY ELEMENTS (KOHA) | |
| Source of classification or shelving scheme | Library of Congress Classification |
| Koha item type | Books |
| Suppress in OPAC | No |
| 999 ## - | |
| -- | 6601 |
| -- | 6601 |
| Withdrawn status | Lost status | Source of classification or shelving scheme | Damaged status | Not for loan | Collection | Home library | Current library | Shelving location | Date acquired | Total checkouts | Full call number | Barcode | Date last seen | Copy number | Price effective from | Koha item type |
|---|---|---|---|---|---|---|---|---|---|---|---|---|---|---|---|---|
| Library of Congress Classification | Non-fiction | Undergraduate Library (Christ Temple) | Undergraduate Library (Christ Temple) | General stacks | 06/19/2025 | BR1706 CAM | ulct00003458 | 06/19/2025 | 1 | 06/19/2025 | Books |